Влияние ионов серебра и углерода на поверхностные свойства полилактида, гидроксиапатита и композитов на их основе; Функциональные материалы: разработка, исследование, применение

Xehetasun bibliografikoak
Parent link:Функциональные материалы: разработка, исследование, применение.— 2017.— [С. 48]
Egile nagusia: Лапуть О. А.
Erakunde egilea: Национальный исследовательский Томский политехнический университет
Beste egile batzuk: Васенина (Пухова) И. В. (научный руководитель), Курзина И. А. Ирина Александровна
Gaia:Заглавие с экрана
Hizkuntza:errusiera
Argitaratua: 2017
Saila:Материалы для медицины и экологии
Gaiak:
Sarrera elektronikoa:http://earchive.tpu.ru/handle/11683/42689
Formatua: Baliabide elektronikoa Liburu kapitulua
KOHA link:https://koha.lib.tpu.ru/cgi-bin/koha/opac-detail.pl?biblionumber=623805

MARC

LEADER 00000naa2a2200000 4500
001 623805
005 20251124150919.0
035 |a (RuTPU)RU\TPU\conf\22897 
035 |a RU\TPU\conf\22896 
090 |a 623805 
100 |a 20170908d2017 k y0rusy50 ca 
101 0 |a rus 
102 |a RU 
105 |a y z 101zy 
135 |a drgn ---uucaa 
181 0 |a i  
182 0 |a b 
200 1 |a Влияние ионов серебра и углерода на поверхностные свойства полилактида, гидроксиапатита и композитов на их основе  |f О. А. Лапуть, И. В. Васенина (Пухова)  |g науч. рук. И. А. Курзина 
203 |a Текст  |c электронный 
225 1 |a Материалы для медицины и экологии 
300 |a Заглавие с экрана 
320 |a [Библиогр.: с. 48 (2 назв.)] 
463 0 |0 (RuTPU)RU\TPU\conf\22867  |t Функциональные материалы: разработка, исследование, применение  |o сборник тезисов докладов IV Всероссийского конкурса научных докладов студентов, г. Томск, г. Тамбов, 23-24 мая 2017 г.  |f Национальный исследовательский Томский политехнический университет (ТПУ) ; Национальный исследовательский Томский государственный университет (ТГУ) ; Тамбовский государственный университет имени Г. Р. Державина ; ред. кол. А. Ю. Годымчук ; Н. И. Каракчеева ; А. А. Гусев  |v [С. 48]  |d 2017 
610 1 |a труды учёных ТПУ 
610 1 |a электронный ресурс 
610 1 |a гидроксиапатит 
610 1 |a имплантаты 
610 1 |a биосовместимость 
610 1 |a полилактиды 
610 1 |a полимеры 
700 1 |a Лапуть  |b О. А. 
701 1 |a Васенина (Пухова)  |b И. В. 
702 1 |a Курзина  |b И. А.  |c химик  |c доцент Томского политехнического университета, кандидат химических наук  |f 1972-  |g Ирина Александровна  |4 727 
712 0 2 |a Национальный исследовательский Томский политехнический университет  |c (2009- )  |9 26305 
801 2 |a RU  |b 63413507  |c 20170926  |g RCR 
856 4 |u http://earchive.tpu.ru/handle/11683/42689 
942 |c BK